000 00595nam a2200241Ia 4500
003 OSt
005 20221005115632.0
006 a|||||r|||| 00| 0
007 ta
008 221004b |||||||| |||| 00| 0 eng d
024 _a25165
037 _cTextual
040 _aCRL
_cCRL
_beng
041 _2eng
_aeng
082 _aO:3M73:18, J1
100 _aMaug W Somerset
_9627903
245 0 _aChristmas holiday
260 _c1951
300 _a288p.
_ccm.
650 _aENGLISH LITERATURE
942 _hO:3M73:18, J1
_cTEXL
_2cc
999 _c1035466
_d1035466